Proyectando la diversidad familiar desde la Antigüedad. Entre la vulnerabilidad y el empoderamiento

محفوظ في:

مؤلفون آخرون: Marina-Sáez, Rosa (المحرر), Domínguez-Arranz, Almudena (المحرر), Gordón-Zan, Adrián (المحرر)

التنسيق: كتاب

منشور في: Oxford Archaeopress Publishing Ltd 2025

الوسوم: إضافة وسم

لا توجد وسوم, كن أول من يضع وسما على هذه التسجيلة!

رقم الطلب:

LEADER 00808namaa2200193 4500
001 9781805831945
003 UkOxAP
005 20260405155019.0
020 |a 9781805831952 
776 1 |x 9781805831945 
245 0 0 |a Proyectando la diversidad familiar desde la Antigüedad. Entre la vulnerabilidad y el empoderamiento 
100 1 |a Marina-Sáez, Rosa  |e Editor  |l Spanish 
700 1 |a Domínguez-Arranz, Almudena  |e Editor  |l Spanish 
700 1 |a Gordón-Zan, Adrián  |e Editor  |l Spanish 
856 4 2 |a http://library.arce.org:8087/Archaeopress/Products/9781805831952 
260 |a Oxford  |b Archaeopress Publishing Ltd  |c 2025 
270 |a Archaeopress Publishing Ltd, Summertown Pavillion, 18 -24 Middle Way, Summertown  |b Oxford  |d United Kingdom  |e OX2 7LG  |k 44-1865-311914  |m info@archaeopress.com 
942 |2 lcc  |c EBOOK 
999 |c 62169  |d 62169